Χώρες με τους Περισσότερους Ελέφαντες - Statistics

General Stats
  • This quiz has been taken 40 times
  • The average score is 12 of 21
Answer Stats
# Χώρα % Correct
23.000 Κένυα
95%
29.000 Ινδία
92%
19.000 Νότια Αφρική
82%
6.000 Δημοκρατία του Κονγκό
76%
83.000 Ζιμπάμπουε
74%
51.000 Τανζανία
74%
22.000 Ζάμπια
74%
23.000 Ναμίμπια
66%
11.000 Μοζαμβίκη
66%
2.900 Ινδονησία
63%
130.000 Μποτσουάνα
58%
4.900 Ουγκάντα
58%
6.800 Καμερούν
55%
2.900 Ταϊλάνδη
50%
2.600 Μαλαισία
50%
7.100 Γκαμπόν
37%
4.500 Μιανμάρ
32%
3.800 Σρι Λάνκα
29%
6.900 Μπουρκίνα Φάσο
26%
7.100 Νότιο Σουδάν
24%
3.000 Μπενίν
16%
No matching quizzes found
Score Distribution
Percent of People with Each Score
Percentile by Number Answered
Your Score History
You have not taken this quiz